[Event "Dortmund Sparkassen op-A"]
[Site "Dortmund"]
[Date "2015.06.28"]
[Round "2"]
[White "Tschoepe, Nino"]
[Black "Bub, Volker"]
[Result "1-0"]
[WhiteElo "1927"]
[BlackElo "2083"]
[PlyCount "51"]
[EventDate "2015.06.27"]
[EventType "swiss"]
[EventRounds "9"]
[EventCountry "GER"]
[SourceTitle "CBM 167 Extra"]
[Source "ChessBase"]
[SourceDate "2015.09.14"]
[SourceVersion "1"]
[SourceVersionDate "2015.09.14"]
[SourceQuality "1"]

1. e4 d6 2. d4 Nf6 3. Nc3 g6 4. Nf3 Bg7 5. Be2 0-0 6. h3 c6 7. a4 Qa5 8. Bd2 e5 9. dxe5 dxe5 10. Nd5 Qd8 11. Nxf6+ Qxf6 12. Bg5 Qe6 13. b3 h6 14. Bc4 Qe8 15. Bc1 Kh7 16. Ba3 Rg8 17. h4 Bf8 18. Ng5+ hxg5 19. hxg5+ Kg7 20. Qf3 Bxa3 21. Qf6+ Kf8 22. Rh7 Bb4+ 23. Kf1 Be6 24. Bxe6 Qxe6 25. Qd8+ Qe8 26. Rxf7+ 1-0

[Event "Hessen-chB"]
[Site "Korbach"]
[Date "2013.03.30"]
[Round "7"]
[White "Tschoepe, Nino"]
[Black "Goebel, Knut"]
[Result "1/2-1/2"]
[WhiteElo "1718"]
[BlackElo "1644"]
[PlyCount "43"]
[EventDate "2013.03.27"]
[EventType "swiss"]
[EventRounds "7"]
[EventCountry "GER"]
[SourceTitle "EXT 2014"]
[Source "ChessBase"]
[SourceDate "2013.11.20"]
[SourceVersion "1"]
[SourceVersionDate "2013.11.20"]
[SourceQuality "1"]

1. d4 d5 2. c4 c6 3. Nf3 Nf6 4. Qc2 e6 5. g3 Be7 6. Bg2 dxc4 7. Qxc4 Nbd7 8. 0-0 0-0 9. Rd1 Nb6 10. Qc2 Re8 11. Nc3 Nbd5 12. a3 Qc7 13. e4 Nxc3 14. bxc3 Nd7 15. Bf4 Qa5 16. Nd2 Nb6 17. c4 Qa4 18. Qxa4 Nxa4 19. c5 Nc3 20. Re1 b6 21. a4 bxc5 22. dxc5 1/2-1/2

[Event "Hessen-chB"]
[Site "Korbach"]
[Date "2013.03.28"]
[Round "3"]
[White "Tschoepe, Nino"]
[Black "Rolf, Marco"]
[Result "1/2-1/2"]
[WhiteElo "1718"]
[BlackElo "1864"]
[PlyCount "50"]
[EventDate "2013.03.27"]
[EventType "swiss"]
[EventRounds "7"]
[EventCountry "GER"]
[SourceTitle "EXT 2014"]
[Source "ChessBase"]
[SourceDate "2013.11.20"]
[SourceVersion "1"]
[SourceVersionDate "2013.11.20"]
[SourceQuality "1"]

1. d4 Nf6 2. c4 e5 3. dxe5 Ng4 4. e3 Nxe5 5. Nc3 Nbc6 6. f4 Ng6 7. Bd3 Bc5 8. a3 a5 9. Qh5 Qh4+ 10. Qxh4 Nxh4 11. g3 Ng6 12. Nd5 Kd8 13. Nf3 f6 14. b3 d6 15. 0-0 Nge7 16. Nxe7 Nxe7 17. Kg2 Nf5 18. Re1 Re8 19. e4 Nd4 20. Rb1 Bg4 21. Nxd4 Bxd4 22. h3 Bd7 23. Bb2 Bxb2 24. Rxb2 Bc6 25. Rbe2 f5 1/2-1/2

[Event "Moehnesee Cup-B"]
[Site "Moehnesee"]
[Date "2005.08.21"]
[Round "6"]
[White "Tschoepe, Nino"]
[Black "Schmidt, Matthias"]
[Result "1/2-1/2"]
[WhiteElo "1549"]
[BlackElo "1268"]
[PlyCount "36"]
[EventDate "2005.08.18"]
[EventType "swiss"]
[EventRounds "7"]
[EventCountry "GER"]
[SourceTitle "CBM 108 Extra"]
[Source "ChessBase"]
[SourceDate "2005.11.04"]
[SourceVersion "1"]
[SourceVersionDate "2005.11.04"]
[SourceQuality "1"]

1. c4 e5 2. Nc3 Nf6 3. Nf3 Nc6 4. g3 d5 5. cxd5 Nxd5 6. Bg2 Be6 7. 0-0 Qd7 8. a3 0-0-0 9. d3 h5 10. Bd2 f6 11. Rc1 g5 12. Ne4 Be7 13. Nc5 Bxc5 14. Rxc5 Bh3 15. Nxe5 Nxe5 16. Rxd5 Qe6 17. Rxd8+ Rxd8 18. f4 Bxg2 1/2-1/2